Statistics for LentoBean Polls

Click here to take the quiz!

General Stats

  • This quiz has been taken 2 times
  • The average score is 3 of 6

Answer Stats

QuestionAnswer% Correct
Do you think that you will check out more of my quizzes in the future?Yes
100%
Would you rather do a Geography Quiz or a History Quiz?Geography Quiz
50%
Would you like me to make more General Knowledge quizzes?Yes
50%
Thank you a lot for providing data. Now, will you consider subscribing so that you can be notified when more of my quizzes come out?Yes
50%
Have you taken any of my General Knowledge Quizzes?Yes
0%
Have you taken any of my World War II Quizzes?Yes
0%

Score Distribution

Percentile by Number Answered

Percent of People with Each Score

Your Score History

You have not taken this quiz